Sąsiedzi sąsiadów Algierii - Statystyki

Ogólne statystyki
  • Ten quiz został rozwiązany 41 razy
  • Średni wynik to 7 z 10
Statystyki odpowiedzi
Odpowiedź % Poprawnych
Egipt
97%
Sudan
86%
Czad
83%
Nigeria
83%
Senegal
80%
Burkina Faso
69%
Wybrzeże Kości Słoniowej
63%
Benin
57%
Gwinea
57%
Hiszpania
51%
Nie znaleziono quizów pasujących do podanych kryteriów
Rozkład punktacji
Procent ludzi z każdym wynikiem
Percentyl według liczby udzielonych odpowiedzi
Twoja historia wyników
Nie rozwiązałeś tego quizu